=LDR 00000nam 2200000 4500 =001 INLIS000000001052339 =005 20240826102044 =035 ##$$a 0010-0824000157 =007 ta =008 240826###########################0###### =020 ##$$a 978-623-8488-19-3 =082 ##$$a 291.17 =084 ##$$a 291.17 GUS p =100 #$$a Gusti Ngurah Ketut Putera =245 1#$$a Penguatan nilai moderasi beragama pasraman / Gusti Ngurag Ketut Putrea ; Editor : I Made Ardika Yasa ; Penyunting : Muhamad Suhardi, Randi Pratama Murtikusuma =260 ##$$a Praya :$b Pusat Pengembangan Pendidikan dan penelitian Indonesia,$c 2023 =300 ##$$a v 69 Halaman ; $c 23 cm =500 ##$$a Biografi : Halaman 68 - 69 =504 ##$$a Bibliografi : Halaman 65 - 67 =600 #4$$a Tolerasi Beragama =990 ##$$a 3202401728 =990 ##$$a 019/53/2024